01082nam a2200277Ia 450000500170000000800410001702000180005804000720007604100080014824501970015626000420035330000640039554600330045965000270049265000280051965000280054765100450057565300480062070000200066870000190068870000180070770000150072570000230074070000210076370000200078420250528081103.0130821s2011 ck ao gr spa  a9789589909652 aCo-BoUCMbspacDavid Moreno (modificó)dDavid Moreno (modificó)00aspa00aFotográfica Bogotá 2011 testimonio y visión - mas allá de la reporteríacdirección Gilma Suárez ; coordinación editorial Alicia Caldera ; traducción Edward Davey...[et al.]. aBogotá (Colombia)bFoto Museoc2011 a567 Páginasbilustraciones, gráficas, fotografías col aContiene textos en inglés.04aFotografía como arte04aFotografía documental04aFotografía y sociedad 4aBogotá (Colombia)xHistoriaySiglo XXI aPrácticas fotográficas contemporáneas1 aCaldera, Alicia1 aCousins, Peter1 aDavey, Edward1 aFoto Museo1 aJiménez, Viviana1 aMedina, Gabriela1 aSuárez, Gilma